00402nam a22001457a 4500020001800000082001600018100002100034245001100055260003100066300000800097650001100105942000700116952011600123999001700239 a9780143034360 a294.363 ARM aArmstrong, Karen aBuddha aU.S.AbPenguin Groupc2004 a205 aBuddha cBK 00104070aHMIbHMId2016-04-11eAmezong785.00l1o294.363 ARMp25072r2019-01-17s2019-01-16w2016-04-11yBK c20039d20039